Statistics for Countries With the Lowest Population Change Since 2022

Click here to take the quiz!

General Stats

  • This quiz has been taken 1 time
  • The average score is 3 of 20

Answer Stats

Change %Country% Correct
-0.02%China
100%
-0.09%Germany
100%
-0.06%San Marino
100%
-0.09%Armenia
0%
+0.13%Barbados
0%
+0.13%Chile
0%
-0.16%Cuba
0%
+0.02%Czech Republic
0%
+0.09%Finland
0%
-0.06%Jamaica
0%
+0.08%Mauritius
0%
-0.10%Montenegro
0%
+0.02%Palau
0%
-0.19%Russia
0%
-0.01%Slovenia
0%
-0.06%South Korea
0%
-0.08%Spain
0%
+0.13%Taiwan
0%
+0.15%Thailand
0%
+0.01%Uruguay
0%

Score Distribution

Percentile by Number Answered

Percent of People with Each Score

Your Score History

You have not taken this quiz